| 000 | 00899nam a22002897a 4500 | ||
|---|---|---|---|
| 001 | 7174 | ||
| 003 | FISKH | ||
| 005 | 20250707104608.0 | ||
| 008 | 250701b cb ||||| |||| 00| 0 eng d | ||
| 020 | _a9781845319472 | ||
| 040 |
_aFISKH _beng _cFISKH _dFISKH |
||
| 050 | _aPZ7 | ||
| 082 | _a813.6 | ||
| 100 | _aO'Toole, Jeanette | ||
| 245 |
_aCinderela : _bBright stars / |
||
| 250 | _aThis edition published in 2010 | ||
| 260 |
_aWest Sussex : _bAutumn Publishing, _c2005 |
||
| 300 |
_a10 unnumbered pages : _bcolor illustrations ; _c21 cm |
||
| 505 | _aC | ||
| 520 | _aBeautiful fairy tales for early readers and read-to-me time. Help your child find the star in every picture. | ||
| 521 | 8 |
_a70
_bLexile estimate |
|
| 521 | 8 |
_aC
_bRaz-Plus |
|
| 650 |
_aCinderella _vFairly tale |
||
| 700 |
_aO'Toole, Jeanette _eillustrator |
||
| 942 |
_2ddc _cBK _n0 |
||
| 999 |
_c7174 _d7174 |
||